Learning the UNIX operating system /
Si eres nuevo en Unix, este libro conciso te dirá lo que necesitas para comenzar y nada más. Unix fue uno de los primeros sistemas operativos escritos en C, un lenguaje de programación de alto nivel, y su portabilidad natural y bajo precio lo convirtieron en una opción popular entre las universidade...
| Autor principal: | |
|---|---|
| Altres autors: | , |
| Format: | Llibre |
| Idioma: | Spanish English |
| Publicat: |
Sebastopol:
O´Reilly & Associates,
2002.
|
| Edició: | Fifth edition. |
| Matèries: |
MARC
| LEADER | 00000nam a2200000 i 4500 | ||
|---|---|---|---|
| 003 | Ucuenca | ||
| 005 | 20230308230815.0 | ||
| 006 | a||||gr|||| 001 0 | ||
| 007 | ta | ||
| 008 | 191202t20022002xxuaaaagr|||| 001 0 spa a | ||
| 999 | |c 158325 |d 158325 | ||
| 020 | |a 0-596-00261-0 | ||
| 040 | |a UCuenca-cdrjbv |b spa |c Ucuenca |e rda | ||
| 041 | 0 | |a eng | |
| 082 | 0 | |2 22 |a 005.43 |c 279332430 | |
| 100 | 1 | |9 239579 |a Peek, Jerry. |e autor | |
| 245 | 1 | 0 | |a Learning the UNIX operating system / |c Jerry Peek, Grace Todino, John Strang. |
| 250 | |a Fifth edition. | ||
| 264 | 1 | |a Sebastopol: |b O´Reilly & Associates, |c 2002. | |
| 264 | 4 | |c ©2002 | |
| 300 | |a xiii, 157 páginas |b tab |c 23 cm | ||
| 336 | |2 rdacontent |a texto |b txt | ||
| 337 | |2 rdamedia |a no mediado |b n | ||
| 338 | |2 rdacarrier |a volumen |b nc | ||
| 504 | |a incl. ind. | ||
| 505 | 1 | |a Guetting started -- Using window system -- Using your UNIX account -- File management -- Redirecting I/O -- Using the internet and other networks -- Multitasking -- Where to go from here. | |
| 520 | 3 | |a Si eres nuevo en Unix, este libro conciso te dirá lo que necesitas para comenzar y nada más. Unix fue uno de los primeros sistemas operativos escritos en C, un lenguaje de programación de alto nivel, y su portabilidad natural y bajo precio lo convirtieron en una opción popular entre las universidades. Inicialmente, existían dos dialectos principales de Unix: uno producido por AT&T conocido como System V, y uno desarrollado en UC Berkeley y conocido como BSD. | |
| 650 | 1 | 7 | |2 Ucuenca-cdrjbv |9 7361 |a Informática |
| 650 | 1 | 7 | |2 Ucuenca-cdrjbv |9 33229 |a Unix |
| 650 | 1 | 7 | |2 Ucuenca-cdrjbv |9 52866 |a Sistema operativo |
| 700 | 1 | |9 239580 |a Todino, Grace. |e autor | |
| 700 | 1 | |9 239581 |a Strang, John. |e autor | |
| 942 | |2 ddc |c BK |z luis.lescanob@ucuenca.edu.ec | ||